01181nam a2200193Ia 4500001001100000003001000011008004100021040002500062041001300087100003100100245006300131250001100194260009200205300001200297500026400309501011400573520026400687650003600951L200-53951IT-CnALBA170116s9999||||xx |||||||||||||| ||und|| aIT-CnALBAcIT-CnALBA aITALIANO aBARRA GIOVANNI, SACERDOTE. 0aVANGELO VISSUTO. EPISODI ESPERIENZE TESTIMONIANZE D'OGGI.  a1a ed. aTORINO - MILANObGRIBAUDI PIERO. EDITOREc1973 [1° Ed.:1973 - Ed.Ling.Originale: 1973] a462 p.  aBEATI INIZIO VITA. FOLLA IN CIELO. FELICITÀ CHE DA' DIRITTO DI STARE AL MONDO. POLITI S. I MITI, SOPPORTAZIONE. BEATI GLI AFFAMATI DI GIUSTIZIA. I MISERICORDIOSI. I PURI DI CUORE. I PERSEGUITATI. I CREDENTI. BEATA LA GENTE IN CUI DIO È IL SIGNORE. I CONFI aSocietà San Paolo EM - Piazza San Paolo, 14 - 12051 ALBA (CN) (non commercial uses only) ® Copyright 2017 aBEATI INIZIO VITA. FOLLA IN CIELO. FELICITÀ CHE DA' DIRITTO DI STARE AL MONDO. POLITI S. I MITI, SOPPORTAZIONE. BEATI GLI AFFAMATI DI GIUSTIZIA. I MISERICORDIOSI. I PURI DI CUORE. I PERSEGUITATI. I CREDENTI. BEATA LA GENTE IN CUI DIO È IL SIGNORE. I CONFI aRELIGIONE - RELIGIONE CRISTIANA